000 00746nam a2200205Ia 4500
003 GCL
008 140319s9999 xx 000 0 ara d
040 _aGCL /
_cGCL
082 0 4 _a610.9
_bن س
100 1 _aابن النفيس : علاءالدين على بن ابى الحزم القرشى الدمشقى الشافعى
245 1 0 _aشرح فصول أبقراط /
_cابن النفيس : علاءالدين على بن ابى الحزم القرشى الدمشقى الشافعى
260 _a[S.N] :
_bالدار المصرية اللبنانية ،
_c1991
300 _aمتعددة
490 _a
650 0 4 _aتاريخ
650 0 4 _aالطب
650 0 4 _aالعلاج
650 0 4 _aالامراض، علم
942 _2ddc
_cBK
999 _c33291
_d33291